| 000 | 00800nam0a22002411 4500 | ||
|---|---|---|---|
| 001 | rc\2709461 | ||
| 005 | 20250529122232.0 | ||
| 035 | _a(NLR Aleph) 006837401 | ||
| 090 |
_a6609409 _c6609409 |
||
| 100 | _a20110915d1934 |||y0rusy50 ca | ||
| 101 | 0 | _arus | |
| 102 | _aRU | ||
| 105 | _ay z ||||| | ||
| 200 | 1 |
_aЗавоюем первенство в соревновании с Горьковским краем _fВ. Клепов |
|
| 210 |
_aСвердловск _cПартиздат _d1934 _gтип. ПП ОГПУ по Свердл. обл. |
||
| 215 |
_aОбл., 40 с. _d20х14 см. |
||
| 700 | 1 |
_aКлепов _bВ.С. _gВиталий Степанович |
|
| 801 | 0 |
_aRU _bNLR _gpsbo |
|
| 801 | 1 |
_aRU _bELAR _2rusmarc |
|
| 852 |
_aNLR _j34-9/4473 |
||
| 942 | _cBOOK | ||
| 980 | _aNB | ||